000 00642nam a2200253Ia 4500
003 OSt
005 20221005120739.0
006 a|||||r|||| 00| 0
007 ta
008 221004b |||||||| |||| 00| 0 ita d
024 _a47330
037 _cTextual
040 _aCRL
_cCRL
_bita
041 _2ita
_aita
082 _aO121,3M02,1, 31J2
100 _aHugo Au.
_9629593
245 0 _aEzhai bangalan
260 _c1952
300 _a106p.
_ccm.
650 _a ITALIAN LITERATURE
_962212
650 _aITALIAN FICTION
_9176875
942 _hO121,3M02,1, 31J2
_cTEXL
_2cc
999 _c1039025
_d1039025